000 01062nam a22002417a 4500
003 NALT
005 20251125233012.0
008 s2548 th tha d
020 _a9749942140
040 _aNALT
041 _atha
090 _aKE 11
_bบ241ก 2548
100 0 _aบวรศักดิ์ อุวรรณโณ
_96337
245 1 0 _aกฎหมายมหาชน เล่ม 1 :
_bวิวัฒนาการทางปรัชญาและลักษณะของกฎหมายมหาชนยุคต่าง ๆ /
250 _aพิมพ์ครั้งที่ 8.
260 _aกรุงเทพฯ :
_bสำนักพิมพ์แห่งจุฬาลงกรณ์มหาวิทยาลัย,
_c2548.
300 _a119 หน้า ;
_c26 ซม.
650 4 _aกฎหมายมหาชน
_92028
850 _aNALT
856 4 0 _uhttps://hdl.handle.net/20.500.14156/302966
942 _cLB
_2lcc
999 _c49484
_d49484
998 _j8
_k นายบัณฑิต อุทาวงค์